| 000 | 00456nam a22001577a 4500 | ||
|---|---|---|---|
| 005 | 20231113060358.0 | ||
| 008 | 231113b |||||||| |||| 00| 0 eng d | ||
| 041 | _aEnglish | ||
| 082 | _a346.1 LEG | ||
| 100 | _lEnglish | ||
| 245 | _aGuide to the Married Persons Equality Act | ||
| 260 |
_aWindhoek : _bLegal Assistance Centre, _c2001 |
||
| 300 |
_b34 pages, _c30,4 cm. |
||
| 650 |
_aLegal practice _bLaw |
||
| 942 |
_cBK _6ALISON_BN_VRIES |
||
| 999 |
_c532 _d532 |
||